Building defects in modern industrial buildings (Record no. 85372)

MARC details
000 -LEADER
fixed length control field 01431cgm a2200301 4500
001 - CONTROL NUMBER
control field M94626
008 - FIXED-LENGTH DATA ELEMENTS--GENERAL INFORMATION
fixed length control field 090401t1994 xxu||||| |||| 00| 0 eng d
020 ## - INTERNATIONAL STANDARD BOOK NUMBER
International Standard Book Number 0947763961
035 ## - SYSTEM CONTROL NUMBER
System control number (Sirsi) u89248
041 ## - LANGUAGE CODE
Language code of text/sound track or separate title eng
050 ## - LIBRARY OF CONGRESS CALL NUMBER
Classification number 690.25
-- 18
100 ## - MAIN ENTRY--PERSONAL NAME
Personal name Endean, Kenneth F.
245 ## - TITLE STATEMENT
Title Building defects in modern industrial buildings
Remainder of title a CPD study pack
250 ## - EDITION STATEMENT
Edition statement 2nd ed.
260 ## - PUBLICATION, DISTRIBUTION, ETC.
Place of publication, distribution, etc. Reading
Name of publisher, distributor, etc. College of Estate Management
Date of publication, distribution, etc. 1994
300 ## - PHYSICAL DESCRIPTION
Extent vi, 41p.
Other physical details ill.
Dimensions 30cm.
350 ## - PRICE (NR) (BK AM CF MU VM SE) [OBSOLETE]
Price 28.5
490 ## - SERIES STATEMENT
Series statement College of Estate Management CPD Study Pack
520 ## - SUMMARY, ETC.
Summary, etc. When defects are encountered in brand new buildings, particularly those of innovative construction, precedent may be irrelevant. This pack provides an insight into both the nature and the causes in defects in modern industrial buildings. It explains some of the defects associated with recently introduced materials and components, and the possible influences of the management of the building process. It gives guidance on how to investigate unusual building defects and organise and verify remedial works.
520 ## - SUMMARY, ETC.
Summary, etc. Withdrawn September 2007. Supersedes first edition (ISBN 0947763740)
520 ## - SUMMARY, ETC.
Summary, etc. Does not include an audio cassette.
650 ## - SUBJECT ADDED ENTRY--TOPICAL TERM
Topical term or geographic name entry element BUILDING DEFECTS
650 ## - SUBJECT ADDED ENTRY--TOPICAL TERM
Topical term or geographic name entry element INDUSTRIAL BUILDINGS
690 ## - LOCAL SUBJECT ADDED ENTRY--TOPICAL TERM (OCLC, RLIN)
Topical term or geographic name as entry element BUILT ENVIRONMENT-BUILDING PATHOLOGY
710 ## - ADDED ENTRY--CORPORATE NAME
Corporate name or jurisdiction name as entry element College of Estate Management
9 (RLIN) 400
942 ## - ADDED ENTRY ELEMENTS (KOHA)
Suppress in OPAC 0
948 ## - LOCAL PROCESSING INFORMATION (OCLC); SERIES PART DESIGNATOR (RLIN)
c (OCLC) 23/10/1998
Holdings
Withdrawn status Lost status Source of classification or shelving scheme Damaged status Not for loan Home library Current library Shelving location Date acquired Cost, normal purchase price Total Checkouts Full call number Barcode Date last seen Date last checked out Copy number Cost, replacement price Price effective from Koha item type
    Dewey Decimal Classification     London London Basement 03/11/1998 28.50 41 SHELF 330 30056678 06/08/2019 19/07/2007 1 28.50 06/08/2019 Audio